000 00565nam a2200181Ia 4500
003 GCL
008 140319s9999 xx 000 0 ara d
040 _aGCL /
_cGCL
082 0 4 _a213
_bح ا
100 1 _aحسين ابراهيم حسين
245 1 0 _aانتشار الاسلام فى القارة الافريقية, ط3 /
_cحسين ابراهيم حسين
260 _a[S.N] :
_bمكتبة النهضة المصرية ،
_c1984
300 _a248 ص
490 _a
650 0 4 _aانتشار الاسلام
650 0 4 _aافريقيا
942 _2ddc
_cBK
999 _c33478
_d33478